<?xml version="1.0" encoding="UTF-8"?>
<record
    xmlns:xsi="http://www.w3.org/2001/XMLSchema-instance"
    xsi:schemaLocation="http://www.loc.gov/MARC21/slim http://www.loc.gov/standards/marcxml/schema/MARC21slim.xsd"
    xmlns="http://www.loc.gov/MARC21/slim">

  <leader>01522nam a22002417a 4500</leader>
  <controlfield tag="005">20240712105725.0</controlfield>
  <controlfield tag="008">220218b           ||||| |||| 00| 0 eng d</controlfield>
  <datafield tag="020" ind1=" " ind2=" ">
    <subfield code="a">9781473692510</subfield>
  </datafield>
  <datafield tag="040" ind1=" " ind2=" ">
    <subfield code="c">AL</subfield>
  </datafield>
  <datafield tag="041" ind1=" " ind2=" ">
    <subfield code="a">English</subfield>
  </datafield>
  <datafield tag="082" ind1=" " ind2=" ">
    <subfield code="2">23</subfield>
    <subfield code="b">PICW</subfield>
    <subfield code="a">813.54</subfield>
  </datafield>
  <datafield tag="100" ind1=" " ind2=" ">
    <subfield code="a">Jodi Picoult</subfield>
    <subfield code="9">173249</subfield>
  </datafield>
  <datafield tag="245" ind1=" " ind2=" ">
    <subfield code="a">Wish You Were Here </subfield>
  </datafield>
  <datafield tag="260" ind1=" " ind2=" ">
    <subfield code="a">London</subfield>
    <subfield code="b">Hodder and Stoughton</subfield>
    <subfield code="c">2021</subfield>
  </datafield>
  <datafield tag="300" ind1=" " ind2=" ">
    <subfield code="a">344 p.</subfield>
    <subfield code="b">PB</subfield>
    <subfield code="c">23x15 cm.</subfield>
  </datafield>
  <datafield tag="365" ind1=" " ind2=" ">
    <subfield code="a">BLCR-000122</subfield>
    <subfield code="b">&#x20B9;639.20</subfield>
    <subfield code="c">&#x20B9;</subfield>
    <subfield code="d">&#x20B9;799.00</subfield>
    <subfield code="e">20%</subfield>
    <subfield code="f">15-02-2022</subfield>
  </datafield>
  <datafield tag="520" ind1=" " ind2=" ">
    <subfield code="a">A powerfully evociative story of the resilience and triumph of the human spirit' Taylor Jenkins Reid
Diana O'Toole's life is going perfectly to plan. At twenty-nine, she's up for promotion to her dream job as an art specialist at Sotheby's and she's about to fly to the Galapagos where she's convinced her surgeon boyfriend, Finn, is going to propose.
But then the virus hits New York City and Finn breaks the news: the hospital needs him, he has to stay. But you should still go, he insists. And reluctantly, she agrees. Once she's in the Galapagos, the world shuts down around her, leaving Diana stranded - albeit in paradise. Completely isolated, with only intermittent news from the outside world, Diana finds herself examining everything that has brought her to this point and wondering if there's a better way to live.
But not everything is as it seems . . .</subfield>
  </datafield>
  <datafield tag="650" ind1=" " ind2=" ">
    <subfield code="a">Novel</subfield>
    <subfield code="9">21331</subfield>
  </datafield>
  <datafield tag="650" ind1=" " ind2=" ">
    <subfield code="a">Relationships</subfield>
    <subfield code="9">21332</subfield>
  </datafield>
  <datafield tag="650" ind1=" " ind2=" ">
    <subfield code="a">Viruses</subfield>
    <subfield code="9">21333</subfield>
  </datafield>
  <datafield tag="700" ind1=" " ind2=" ">
    <subfield code="a">PICOULT (Jodi)</subfield>
    <subfield code="9">20968</subfield>
  </datafield>
  <datafield tag="942" ind1=" " ind2=" ">
    <subfield code="2">ddc</subfield>
    <subfield code="c">BK</subfield>
  </datafield>
  <datafield tag="999" ind1=" " ind2=" ">
    <subfield code="c">221569</subfield>
    <subfield code="d">221569</subfield>
  </datafield>
  <datafield tag="952" ind1=" " ind2=" ">
    <subfield code="0">0</subfield>
    <subfield code="1">0</subfield>
    <subfield code="2">ddc</subfield>
    <subfield code="4">0</subfield>
    <subfield code="7">0</subfield>
    <subfield code="8">MAN</subfield>
    <subfield code="a">AL</subfield>
    <subfield code="b">AL</subfield>
    <subfield code="d">2022-02-16</subfield>
    <subfield code="e">NavaKarnataka Publications Pvt.Ltd</subfield>
    <subfield code="g">639.20</subfield>
    <subfield code="l">1</subfield>
    <subfield code="o">813.54 PICW</subfield>
    <subfield code="p">075445</subfield>
    <subfield code="r">2022-06-23 00:00:00</subfield>
    <subfield code="s">2022-06-21</subfield>
    <subfield code="v">799.00</subfield>
    <subfield code="w">2022-02-18</subfield>
    <subfield code="y">BK</subfield>
  </datafield>
</record>
